Total Quality Management (Record no. 3238)

MARC details
000 -LEADER
fixed length control field 00355nam a22001577a 4500
005 - DATE AND TIME OF LATEST TRANSACTION
control field 20160620113611.0
008 - FIXED-LENGTH DATA ELEMENTS--GENERAL INFORMATION
fixed length control field 160620b xxu||||| |||| 00| 0 eng d
041 ## - LANGUAGE CODE
Language code of text/sound track or separate title eng
082 ## - DEWEY DECIMAL CLASSIFICATION NUMBER
Item number 8467
100 ## - MAIN ENTRY--AUTHOR NAME
Personal name Bhat, Shridhara K.
245 ## - TITLE STATEMENT
Title Total Quality Management
260 ## - PUBLICATION, DISTRIBUTION, ETC. (IMPRINT)
Name of publisher HPH
Year of publication 2007
300 ## - PHYSICAL DESCRIPTION
Number of Pages 747
650 ## - SUBJECT ADDED ENTRY--TOPICAL TERM
Topical Term Management
942 ## - ADDED ENTRY ELEMENTS (KOHA)
Koha item type Books
Holdings
Lost status Damaged status Home library Current library Shelving location Date acquired Cost, normal purchase price Full call number Accession Number Koha item type
    JRU Library   Shelf - 26- B 20/06/2016 340.00 8467 8467 Books
    JRU Library   Shelf - 26- B 20/06/2016 340.00 8467 8468 Books